Welcome to WEB OPAC of MRSPTU Central Library

Art and science of utilization of electrical energy (Record no. 2156)

MARC details
000 -LEADER
fixed length control field 00384nam a2200145Ia 4500
008 - FIXED-LENGTH DATA ELEMENTS--GENERAL INFORMATION
fixed length control field 230711s9999||||xx |||||||||||||| ||und||
041 ## - LANGUAGE CODE
Language code of text/sound track or separate title ENG
082 ## - DEWEY DECIMAL CLASSIFICATION NUMBER
Classification number 621
Item number PA-A
100 ## - MAIN ENTRY--PERSONAL NAME
Personal name Partab,H
245 #0 - TITLE STATEMENT
Title Art and science of utilization of electrical energy
250 ## - EDITION STATEMENT
Edition statement 3rd
260 ## - PUBLICATION, DISTRIBUTION, ETC.
Date of publication, distribution, etc. 1990
Place of publication, distribution, etc. New Delhi
Name of publisher, distributor, etc. Dhanpat Rai & Co.(Pvt.)Ltd.
650 ## - SUBJECT ADDED ENTRY--TOPICAL TERM
Topical term or geographic name entry element Electrical Engineering
942 ## - ADDED ENTRY ELEMENTS (KOHA)
Koha item type Book
Holdings
Withdrawn status Lost status Damaged status Not for loan Collection Home library Current library Date acquired Total checkouts Full call number Barcode Date last seen Price effective from Koha item type
          MRSPTU Central Library MRSPTU Central Library     621 PA-A 8906 08/17/2023 08/17/2023 Book
          MRSPTU Central Library MRSPTU Central Library     621 PA-A 8907 08/17/2023 08/17/2023 Book
          MRSPTU Central Library MRSPTU Central Library     621 PA-A 8908 08/17/2023 08/17/2023 Book
          MRSPTU Central Library MRSPTU Central Library     621 PA-A 8909 08/17/2023 08/17/2023 Book
          MRSPTU Central Library MRSPTU Central Library     621 PA-A 8910 08/17/2023 08/17/2023 Book
          MRSPTU Central Library MRSPTU Central Library     720 PA-A 11140 08/17/2023 08/17/2023 Book

Website Designed and Developed by MRSPTU Central Library Team

E-mail Id: librarian@mrsptu.ac.in